[Event "Bay Area op"]
[Site "Burlingame"]
[Date "2019.01.04"]
[Round "5"]
[White "Negi, Parimarjan"]
[Black "Thavandiran, Shiyam"]
[Result "1-0"]
[WhiteElo "2656"]
[BlackElo "2410"]
[PlyCount "71"]
[EventDate "2019.01.01"]
[EventType "swiss"]
[EventRounds "9"]
[EventCountry "USA"]
[SourceTitle "CBM 188 Extra"]
[Source "ChessBase"]
[SourceDate "2019.02.26"]
[SourceVersion "1"]
[SourceVersionDate "2019.02.26"]
[SourceQuality "1"]

1. e4 c6 2. d4 d5 3. e5 Bf5 4. Nf3 e6 5. Be2 Ne7 6. 0-0 h6 7. Nbd2 Nd7 8. Nb3 Qc7 9. Bd2 a5 10. a4 g5 11. Ne1 c5 12. Nxc5 Nxc5 13. dxc5 Bg7 14. f4 gxf4 15. Nd3 Bxd3 16. Bxd3 Bxe5 17. Qh5 Nc6 18. Rae1 0-0-0 19. c3 Rdg8 20. Qf3 Qe7 21. Kh1 Qxc5 22. b4 axb4 23. cxb4 Qd6 24. Bb5 Rg5 25. Rc1 Kb8 26. Bxc6 bxc6 27. Qd3 Rhg8 28. Qa6 Rxg2 29. Qb6+ Ka8 30. Rc5 Rg1+ 31. Rxg1 Rxg1+ 32. Kxg1 Bd4+ 33. Kf1 Bxc5 34. bxc5 Qd7 35. Bxf4 e5 36. Qa6+ 1-0

[Event "Imre Konig Memorial"]
[Site "San Francisco"]
[Date "2017.09.16"]
[Round "2"]
[White "Negi, Parimarjan"]
[Black "Shankland, Samuel L"]
[Result "1/2-1/2"]
[WhiteElo "2656"]
[BlackElo "2662"]
[PlyCount "66"]
[EventDate "2017.09.16"]
[EventType "tourn (rapid)"]
[EventRounds "6"]
[EventCountry "USA"]
[EventCategory "16"]
[SourceTitle "CBM 180 Extra"]
[Source "ChessBase"]
[SourceDate "2017.10.06"]
[SourceVersion "1"]
[SourceVersionDate "2017.10.06"]
[SourceQuality "1"]

1. e4 c5 2. Nf3 d6 3. d4 cxd4 4. Qxd4 Nf6 5. Nc3 a6 6. Bg5 Nc6 7. Qe3 Ng4 8. Qd2 h6 9. Bh4 g6 10. h3 Nge5 11. Nxe5 Nxe5 12. f4 Nc6 13. 0-0-0 Bg7 14. Nd5 Be6 15. g4 0-0 16. Kb1 Rc8 17. Bf2 b5 18. Be2 Bxd5 19. exd5 Na5 20. Bd4 Nc4 21. Bxc4 Bxd4 22. Qxd4 Rxc4 23. Qe3 Qc7 24. f5 Rxc2 25. fxg6 fxg6 26. Rhf1 Rc8 27. Qd3 Kg7 28. Qd4+ Kg8 29. Qe4 Kh8 30. Qd4+ Kg8 31. Qe4 Kh8 32. a3 Qc4 33. Qxg6 Rxb2+ 1/2-1/2

[Event "WchT 11th"]
[Site "Khanty-Mansiysk"]
[Date "2017.06.24"]
[Round "7.4"]
[White "Negi, Parimarjan"]
[Black "Moiseenko, Alexander"]
[Result "1/2-1/2"]
[WhiteElo "2670"]
[BlackElo "2676"]
[PlyCount "88"]
[EventDate "2017.06.17"]
[EventType "team-tourn"]
[EventRounds "9"]
[EventCountry "RUS"]
[SourceTitle "CBM 179"]
[Source "ChessBase"]
[SourceDate "2017.07.12"]
[SourceVersion "1"]
[SourceVersionDate "2017.07.12"]
[SourceQuality "1"]
[WhiteTeam "India"]
[BlackTeam "Ukraine"]
[WhiteTeamCountry "IND"]
[BlackTeamCountry "UKR"]

1. e4 c5 2. Nf3 Nc6 3. Nc3 e5 4. Bc4 Be7 5. d3 Nf6 6. Nd2 d6 7. Nf1 0-0 8. Ne3 Nd7 9. a3 Nb6 10. Ba2 Bg5 11. 0-0 Be6 12. g3 Bxe3 13. Bxe3 Bxa2 14. Rxa2 Qd7 15. b4 cxb4 16. axb4 Nxb4 17. Rb2 Rfc8 18. Qd2 Qc6 19. Ne2 Na6 20. Bxb6 axb6 21. c4 Nc7 22. Nc3 Qc5 23. Rfb1 Ra6 24. Rb4 Rca8 25. Kg2 h6 26. R1b3 Kh7 27. Qb2 Ne6 28. Rxb6 Qc8 29. Rxa6 bxa6 30. Nd5 Nc5 31. Rb6 Qd7 32. d4 Na4 33. Qa3 Nxb6 34. Nxb6 Qc6 35. Nxa8 exd4 36. f3 Qxc4 37. Nb6 Qc2+ 38. Kh3 d3 39. Nd5 d2 40. Ne3 d1Q 41. Nxc2 Qxc2 42. Qxa6 d5 43. exd5 Qf5+ 44. Kg2 Qxd5 1/2-1/2

[Event "WchT 11th"]
[Site "Khanty-Mansiysk"]
[Date "2017.06.23"]
[Round "6.4"]
[White "Dastan, Batuhan Muhammed"]
[Black "Negi, Parimarjan"]
[Result "1/2-1/2"]
[WhiteElo "2519"]
[BlackElo "2670"]
[PlyCount "149"]
[EventDate "2017.06.17"]
[EventType "team-tourn"]
[EventRounds "9"]
[EventCountry "RUS"]
[SourceTitle "CBM 179"]
[Source "ChessBase"]
[SourceDate "2017.07.12"]
[SourceVersion "1"]
[SourceVersionDate "2017.07.12"]
[SourceQuality "1"]
[WhiteTeam "Turkey"]
[BlackTeam "India"]
[WhiteTeamCountry "TUR"]
[BlackTeamCountry "IND"]

1. e4 e5 2. Nf3 Nc6 3. Bc4 Nf6 4. d3 Be7 5. 0-0 0-0 6. Re1 d6 7. a4 Na5 8. Ba2 c5 9. Na3 Nc6 10. c3 h6 11. Bd2 Re8 12. Nc2 Bf8 13. b4 cxb4 14. cxb4 Be6 15. Bxe6 Rxe6 16. b5 Ne7 17. Qb1 Ng6 18. Qb3 d5 19. Nb4 d4 20. a5 Rc8 21. a6 Bxb4 22. axb7 Rb8 23. Qxb4 Rxb7 24. Reb1 a6 25. Qc4 Qb8 26. b6 Rbxb6 27. Rc1 Qb7 28. Qc8+ Qxc8 29. Rxc8+ Ne8 30. Kf1 f6 31. g3 Kf7 32. Ra8 Rec6 33. Ra7+ Ne7 34. Ba5 Rb8 35. Ra4 Nd6 36. Bd2 Rbb6 37. Ba5 Rb1+ 38. Be1 Rbb6 39. Ba5 Rb7 40. Ra8 Nec8 41. Bd2 Ra7 42. Rxa7+ Nxa7 43. Bb4 Nb7 44. Nd2 a5 45. Nc4 Ra6 46. Ra1 Nc6 47. Ba3 a4 48. Rb1 Nba5 49. Nxa5 Nxa5 50. Rb4 Nb3 51. Rb7+ Ke8 52. Rxg7 Nd2+ 53. Ke2 Nb1 54. Bb2 Rb6 55. Bc1 a3 56. Ra7 Rb2+ 57. Kf3 Rb3 58. Bxh6 Rxd3+ 59. Kg4 Rb3 60. h4 Nc3 61. h5 a2 62. Bd2 Nxe4 63. h6 Rb7 64. Rxa2 Kf7 65. h7 Rb8 66. f4 Kg6 67. fxe5 fxe5 68. Ra6+ Kxh7 69. Ba5 Rf8 70. Re6 Nf6+ 71. Kg5 Ne4+ 72. Kg4 Nf2+ 73. Kg5 e4 74. Re7+ Kg8 75. Kg6 1/2-1/2

[Event "Saint Louis Showdown Blitz 2"]
[Site "Saint Louis"]
[Date "2015.11.15"]
[Round "2"]
[White "Hou, Yifan"]
[Black "Negi, Parimarjan"]
[Result "1-0"]
[WhiteElo "2683"]
[BlackElo "2664"]
[PlyCount "123"]
[EventDate "2015.11.15"]
[EventType "match (blitz)"]
[EventRounds "8"]
[EventCountry "USA"]
[SourceTitle "CBM 169 Extra"]
[Source "ChessBase"]
[SourceDate "2015.12.18"]
[SourceVersion "1"]
[SourceVersionDate "2015.12.18"]
[SourceQuality "1"]

1. e4 c5 2. Nf3 d6 3. d4 cxd4 4. Qxd4 Nc6 5. Bb5 Bd7 6. Qd3 Nf6 7. c4 e6 8. Nc3 Be7 9. 0-0 0-0 10. h3 a6 11. Bxc6 Bxc6 12. Be3 Nd7 13. Nd4 Ne5 14. Qe2 Bd7 15. Rac1 Rc8 16. b3 Qa5 17. Qd2 Rfe8 18. Rfd1 Qc7 19. Qe2 Qb8 20. a4 Bf8 21. a5 Nc6 22. Nxc6 bxc6 23. Na4 Rcd8 24. Nb6 Bc8 25. Bf4 Bb7 26. e5 c5 27. Qe3 Bc6 28. exd6 e5 29. d7 Re6 30. Bg3 Qb7 31. f3 Bxd7 32. Bh4 f6 33. Rd5 Rd6 34. Rcd1 Be6 35. Rxd6 Rxd6 36. Rxd6 Bxd6 37. Qd2 Qc6 38. Bf2 Kf7 39. Nd5 Bxd5 40. cxd5 Qb5 41. Qc2 Qxa5 42. Qxh7 Qa1+ 43. Kh2 Qb2 44. Qh5+ Ke7 45. Qf5 e4+ 46. f4 Qxf2 47. Qe6+ Kf8 48. Qxd6+ Kg8 49. Qe6+ Kf8 50. Qxe4 Qd4 51. Qxd4 cxd4 52. Kg3 Ke7 53. Kf3 f5 54. g4 Kd6 55. gxf5 Kxd5 56. h4 d3 57. Ke3 d2 58. Kxd2 Ke4 59. f6 gxf6 60. h5 Kf5 61. b4 Ke6 62. Ke3 1-0

[Event "Saint Louis Showdown Blitz 2"]
[Site "Saint Louis"]
[Date "2015.11.15"]
[Round "4"]
[White "Hou, Yifan"]
[Black "Negi, Parimarjan"]
[Result "1-0"]
[WhiteElo "2683"]
[BlackElo "2664"]
[PlyCount "102"]
[EventDate "2015.11.15"]
[EventType "match (blitz)"]
[EventRounds "8"]
[EventCountry "USA"]
[SourceTitle "CBM 169 Extra"]
[Source "ChessBase"]
[SourceDate "2015.12.18"]
[SourceVersion "1"]
[SourceVersionDate "2015.12.18"]
[SourceQuality "1"]

1. e4 c5 2. Nf3 d6 3. d4 cxd4 4. Qxd4 Nc6 5. Bb5 Bd7 6. Qd3 Nf6 7. c4 e6 8. Nc3 Be7 9. 0-0 0-0 10. Rd1 a6 11. Bxc6 Bxc6 12. Nd4 Bd7 13. b3 Rc8 14. Bb2 Qc7 15. a4 b6 16. Ba3 Rfe8 17. Nde2 d5 18. Bxe7 Rxe7 19. cxd5 exd5 20. exd5 Qd6 21. Ng3 h5 22. h3 h4 23. Nge4 Nxe4 24. Nxe4 Qg6 25. Re1 Rce8 26. f3 f5 27. d6 fxe4 28. Qc4+ Rf7 29. Rxe4 Rxe4 30. Qxe4 Qxe4 31. fxe4 Rf6 32. e5 Re6 33. Re1 Kf7 34. Re4 g5 35. Kf2 Kg6 36. Ke3 Kf5 37. Kd4 Bc6 38. Re2 Re8 39. Rf2+ Ke6 40. Rf6+ Kd7 41. Rf7+ Ke6 42. Rf6+ Kd7 43. Rf7+ Kd8 44. Rg7 Bxg2 45. Rxg5 Bxh3 46. Rh5 Rg8 47. Rxh4 Rg4+ 48. Rxg4 Bxg4 49. b4 Kd7 50. a5 b5 51. Kc5 Kd8 1-0

[Event "Saint Louis Showdown Blitz 2"]
[Site "Saint Louis"]
[Date "2015.11.15"]
[Round "8"]
[White "Hou, Yifan"]
[Black "Negi, Parimarjan"]
[Result "1/2-1/2"]
[WhiteElo "2683"]
[BlackElo "2664"]
[PlyCount "85"]
[EventDate "2015.11.15"]
[EventType "match (blitz)"]
[EventRounds "8"]
[EventCountry "USA"]
[SourceTitle "CBM 169 Extra"]
[Source "ChessBase"]
[SourceDate "2015.12.18"]
[SourceVersion "1"]
[SourceVersionDate "2015.12.18"]
[SourceQuality "1"]

1. e4 c6 2. d4 d5 3. Nc3 dxe4 4. Nxe4 Bf5 5. Ng3 Bg6 6. h4 h6 7. Nf3 Nd7 8. h5 Bh7 9. Bd3 Bxd3 10. Qxd3 e6 11. Bd2 Ngf6 12. 0-0-0 Be7 13. Kb1 0-0 14. Ne4 Nxe4 15. Qxe4 Nf6 16. Qe2 Qd5 17. Ne5 Qe4 18. Qxe4 Nxe4 19. Be3 Rfd8 20. g4 c5 21. f3 cxd4 22. Bxd4 Bc5 23. Bxc5 Nxc5 24. c4 f6 25. Ng6 Kf7 26. Kc2 e5 27. Rxd8 Rxd8 28. Rd1 Rxd1 29. Kxd1 e4 30. fxe4 Nxe4 31. Ke2 f5 32. Ke3 Nd6 33. c5 Nc4+ 34. Kd4 Nxb2 35. gxf5 Na4 36. Nf4 Kf6 37. Ne6 Kxf5 38. Nxg7+ Kf6 39. Ne8+ Ke7 40. Ng7 Kf6 41. Ne8+ Ke7 42. Ng7 Kf6 43. Ne8+ 1/2-1/2

[Event "Saint Louis Showdown Blitz 2"]
[Site "Saint Louis"]
[Date "2015.11.15"]
[Round "1"]
[White "Negi, Parimarjan"]
[Black "Hou, Yifan"]
[Result "1/2-1/2"]
[WhiteElo "2664"]
[BlackElo "2683"]
[PlyCount "136"]
[EventDate "2015.11.15"]
[EventType "match (blitz)"]
[EventRounds "8"]
[EventCountry "USA"]
[SourceTitle "CBM 169 Extra"]
[Source "ChessBase"]
[SourceDate "2015.12.18"]
[SourceVersion "1"]
[SourceVersionDate "2015.12.18"]
[SourceQuality "1"]

1. e4 c5 2. Nf3 Nc6 3. d4 cxd4 4. Nxd4 g6 5. Nc3 Bg7 6. Be3 Nf6 7. Bc4 0-0 8. Bb3 d5 9. exd5 Na5 10. 0-0 Nxb3 11. Nxb3 b6 12. Qd2 Bb7 13. Rad1 Qc7 14. Bf4 Qc4 15. Rfe1 Rfd8 16. Qd4 Qxd4 17. Nxd4 Nxd5 18. Nxd5 Rxd5 19. Nb3 Bxb2 20. Rxd5 Bxd5 21. Rxe7 a5 22. Be5 Kf8 23. Bd6 Kg7 24. Be5+ Bxe5 25. Rxe5 Be6 26. a3 Rc8 27. Nd4 Rc3 28. h4 Rxa3 29. Nxe6+ fxe6 30. Rxe6 b5 31. Rb6 b4 32. Rb5 Ra2 33. g4 Kf6 34. Kg2 Ke6 35. h5 gxh5 36. gxh5 Kd6 37. Rb7 Rxc2 38. Rxh7 b3 39. h6 a4 40. Rb7 Rc8 41. Rb4 Rh8 42. Rxa4 b2 43. Rb4 Ke5 44. Rb5+ Kf4 45. Rxb2 Rxh6 46. Rb4+ Kf5 47. Kg3 Rg6+ 48. Kf3 Rc6 49. Rb5+ Kf6 50. Rb4 Rc2 51. Ke3 Rc3+ 52. Kf4 Ra3 53. Rb6+ Kf7 54. Kg4 Ra5 55. f4 Rc5 56. Rh6 Kg7 57. Re6 Kf7 58. Ra6 Kg7 59. Ra7+ Kf6 60. Ra6+ Kf7 61. Kf3 Rb5 62. Ke4 Rb4+ 63. Kf5 Rb5+ 64. Kg4 Rc5 65. f5 Rc1 66. Ra7+ Kf6 67. Ra6+ Kf7 68. Kg5 Rg1+ 1/2-1/2

[Event "Saint Louis Showdown Blitz 2"]
[Site "Saint Louis"]
[Date "2015.11.15"]
[Round "7"]
[White "Negi, Parimarjan"]
[Black "Hou, Yifan"]
[Result "1-0"]
[WhiteElo "2664"]
[BlackElo "2683"]
[PlyCount "69"]
[EventDate "2015.11.15"]
[EventType "match (blitz)"]
[EventRounds "8"]
[EventCountry "USA"]
[SourceTitle "CBM 169 Extra"]
[Source "ChessBase"]
[SourceDate "2015.12.18"]
[SourceVersion "1"]
[SourceVersionDate "2015.12.18"]
[SourceQuality "1"]

1. e4 c5 2. Nf3 Nc6 3. Bb5 g6 4. 0-0 Bg7 5. Bxc6 dxc6 6. Nc3 e5 7. d3 Ne7 8. a4 a5 9. Be3 b6 10. Nd2 0-0 11. Kh1 f5 12. exf5 gxf5 13. f4 Nd5 14. Nxd5 cxd5 15. fxe5 Bxe5 16. d4 Bg7 17. c3 Ba6 18. Rf3 Qd6 19. Nb3 c4 20. Bf4 Qd7 21. Nd2 Rae8 22. Rg3 Re6 23. Nf3 Rg6 24. Qd2 Re8 25. Be5 Rxg3 26. hxg3 Qf7 27. Rf1 Bc8 28. Qf4 Bd7 29. Kg1 Bxa4 30. Bxg7 Kxg7 31. Ne5 Qe6 32. Qg5+ Kh8 33. Rxf5 h6 34. Qf4 Rg8 35. Rf6 1-0

[Event "Saint Louis Showdown Rapid 2"]
[Site "Saint Louis"]
[Date "2015.11.14"]
[Round "1"]
[White "Negi, Parimarjan"]
[Black "Hou, Yifan"]
[Result "0-1"]
[WhiteElo "2664"]
[BlackElo "2683"]
[PlyCount "124"]
[EventDate "2015.11.14"]
[EventType "match (rapid)"]
[EventRounds "4"]
[EventCountry "USA"]
[SourceTitle "CBM 169 Extra"]
[Source "ChessBase"]
[SourceDate "2015.12.18"]
[SourceVersion "1"]
[SourceVersionDate "2015.12.18"]
[SourceQuality "1"]

1. e4 c5 2. Nf3 a6 3. c4 e6 4. Nc3 Qc7 5. Be2 b6 6. d4 cxd4 7. Nxd4 Bb7 8. 0-0 Nf6 9. f3 d6 10. Be3 Be7 11. Qd2 0-0 12. Rac1 Nbd7 13. Rfd1 Rac8 14. b4 Qb8 15. a3 Rfe8 16. Nb3 Bc6 17. Kh1 h6 18. Bf1 Ne5 19. Qf2 Bd7 20. Nb1 Ba4 21. N1d2 b5 22. c5 dxc5 23. Bxc5 Bxc5 24. Rxc5 Nfd7 25. Rxc8 Rxc8 26. Qd4 Nb6 27. Rc1 Rd8 28. Qc3 Qd6 29. Qc5 Bxb3 30. Nxb3 Nbc4 31. Qxd6 Rxd6 32. a4 bxa4 33. Nc5 Nb2 34. Ra1 a3 35. Bxa6 a2 36. Kg1 Rd1+ 37. Rxd1 Nxd1 38. Nb3 Kf8 39. Kf1 Ne3+ 40. Ke2 Nc2 41. Kd2 Nxb4 42. Be2 Nec6 43. Kc3 Ke7 44. Bb5 Kd6 45. Kb2 g5 46. g3 Ne5 47. Be2 Ned3+ 48. Kc3 Nc1 49. Na1 Nxe2+ 50. Kxb4 Nd4 51. f4 gxf4 52. gxf4 Ne2 53. f5 e5 54. Ka3 Nc3 55. Nc2 Ke7 56. Kb2 Nxe4 57. Ne3 Kf6 58. Ng4+ Kxf5 59. Nxh6+ Ke6 60. Kxa2 f5 61. Kb2 Kf6 62. Kc2 Nd6 0-1

[Event "Burlingame Chinggis"]
[Site "Burlingame"]
[Date "2015.02.01"]
[Round "8"]
[White "Batchuluun, Tsegmed"]
[Black "Negi, Parimarjan"]
[Result "0-1"]
[WhiteElo "2525"]
[BlackElo "2669"]
[PlyCount "156"]
[EventDate "2015.01.28"]
[EventType "tourn"]
[EventRounds "9"]
[EventCountry "USA"]
[EventCategory "8"]
[SourceTitle "CBM 164 Extra"]
[Source "ChessBase"]
[SourceDate "2015.03.02"]
[SourceVersion "1"]
[SourceVersionDate "2015.03.02"]
[SourceQuality "1"]

1. d4 d5 2. c4 c6 3. Nf3 Nf6 4. Nc3 e6 5. Bg5 h6 6. Bxf6 Qxf6 7. e3 g6 8. Bd3 Bg7 9. 0-0 0-0 10. Ne5 dxc4 11. Nxc4 Qe7 12. Rc1 b6 13. Qe2 Bb7 14. Rfd1 Nd7 15. Be4 Rac8 16. a3 f5 17. Bf3 Ba6 18. b4 e5 19. Qa2 Kh7 20. Nxe5 Nxe5 21. dxe5 Bxe5 22. Qb3 Qf7 23. Qxf7+ Rxf7 24. Be2 Bb7 25. Bf3 Kg7 26. a4 Rcc7 27. b5 cxb5 28. Nxb5 Rxc1 29. Rxc1 Bxf3 30. gxf3 f4 31. Kg2 Rd7 32. Nd4 Kf6 33. Rc6+ Rd6 34. Rc4 Bxd4 35. exd4 Ke6 36. Kh3 Kd5 37. Rb4 Rc6 38. a5 bxa5 39. Rb5+ Kxd4 40. Rxa5 a6 41. Kg4 Rf6 42. h4 Kc4 43. Ra1 Kb4 44. Rb1+ Kc5 45. Ra1 Kb6 46. Rb1+ Ka7 47. Ra1 Rf5 48. h5 Rxh5 49. Kxf4 a5 50. Ke4 Rf5 51. f4 Ka6 52. f3 Rf6 53. Ke5 Rb6 54. Ra2 h5 55. Ra1 h4 56. Rh1 a4 57. Rxh4 a3 58. Rh1 Ka5 59. Kd4 Ka4 60. Ra1 Rb4+ 61. Kc3 Rxf4 62. Rg1 Rxf3+ 63. Kc2 Rf6 64. Rg4+ Kb5 65. Kb3 Kc5 66. Kxa3 Rb6 67. Ka4 Kd5 68. Ka5 Rd6 69. Kb4 Ke5 70. Rg1 Kf4 71. Kc5 Ra6 72. Kd4 Ra4+ 73. Kd3 Ra3+ 74. Ke2 Ra2+ 75. Kd3 g5 76. Rf1+ Kg3 77. Ke4 g4 78. Rb1 Kf2 0-1

[Event "Burlingame Chinggis"]
[Site "Burlingame"]
[Date "2015.01.28"]
[Round "1"]
[White "Gorovets, Andrey"]
[Black "Negi, Parimarjan"]
[Result "1/2-1/2"]
[WhiteElo "2488"]
[BlackElo "2669"]
[PlyCount "63"]
[EventDate "2015.01.28"]
[EventType "tourn"]
[EventRounds "9"]
[EventCountry "USA"]
[EventCategory "8"]
[SourceTitle "CBM 164 Extra"]
[Source "ChessBase"]
[SourceDate "2015.03.02"]
[SourceVersion "1"]
[SourceVersionDate "2015.03.02"]
[SourceQuality "1"]

1. c4 e6 2. Nc3 d5 3. d4 Nf6 4. cxd5 Nxd5 5. e4 Nxc3 6. bxc3 c5 7. a3 g6 8. Nf3 Bg7 9. Be2 Nc6 10. Be3 0-0 11. 0-0 cxd4 12. cxd4 b6 13. Qd2 Bb7 14. Rad1 Ne7 15. Bd3 Rc8 16. Bh6 Qd6 17. h4 Rfd8 18. Bxg7 Kxg7 19. h5 Ng8 20. Qb2 Qf4 21. Rfe1 Nf6 22. h6+ Kg8 23. d5 exd5 24. e5 Ng4 25. e6 d4 26. e7 Bxf3 27. exd8Q+ Rxd8 28. gxf3 Qh2+ 29. Kf1 Qh3+ 30. Kg1 Qh2+ 31. Kf1 Qh3+ 32. Kg1 1/2-1/2

[Event "Olympiad-41"]
[Site "Tromsoe"]
[Date "2014.08.03"]
[Round "2.1"]
[White "Negi, Parimarjan"]
[Black "Kovalyov, Anton"]
[Result "1-0"]
[WhiteElo "2645"]
[BlackElo "2622"]
[PlyCount "94"]
[EventDate "2014.08.02"]
[EventType "team-swiss"]
[EventRounds "11"]
[EventCountry "NOR"]
[SourceTitle "CBM 162"]
[Source "ChessBase"]
[SourceDate "2014.09.17"]
[SourceVersion "1"]
[SourceVersionDate "2014.09.17"]
[SourceQuality "1"]
[WhiteTeam "India"]
[BlackTeam "Canada"]
[WhiteTeamCountry "IND"]
[BlackTeamCountry "CAN"]

1. e4 c5 2. Nf3 e6 3. d4 cxd4 4. Nxd4 Nc6 5. Nc3 Qc7 6. Be3 a6 7. Qd2 Nf6 8. 0-0-0 Be7 9. f3 h5 10. Kb1 b5 11. Nxc6 dxc6 12. Qf2 e5 13. h3 h4 14. f4 Nh5 15. Ne2 exf4 16. Nxf4 Ng3 17. Rg1 Nxe4 18. Qf3 Ng5 19. Qf2 Ne4 20. Qf3 Ng5 21. Nd5 cxd5 22. Bxg5 Be6 23. Bxe7 Qxe7 24. g3 Kf8 25. Bd3 Rh6 26. Rde1 Re8 27. Bf5 Rf6 28. Qh5 Rh6 29. Qf3 Qc5 30. Rgf1 Qc7 31. g4 Qg3 32. g5 Qxg5 33. Bxe6 Rf6 34. Qg4 Qxg4 35. Bxg4 Rxe1+ 36. Rxe1 Rf2 37. Bc8 a5 38. Bd7 g5 39. Bxb5 Rf3 40. Bc6 Rxh3 41. Bxd5 Rh2 42. c4 g4 43. c5 Rd2 44. Be4 Rd4 45. c6 Rc4 46. b3 Rc5 47. Rc1 a4 1-0

[Event "Politiken Cup 36th"]
[Site "Helsingor"]
[Date "2014.07.25"]
[Round "6"]
[White "Zude, Erik"]
[Black "Negi, Parimarjan"]
[Result "0-1"]
[WhiteElo "2381"]
[BlackElo "2645"]
[PlyCount "60"]
[EventDate "2014.07.21"]
[EventType "swiss"]
[EventRounds "10"]
[EventCountry "DEN"]
[SourceTitle "CBM 161 Extra"]
[Source "ChessBase"]
[SourceDate "2014.08.29"]
[SourceVersion "1"]
[SourceVersionDate "2014.08.29"]
[SourceQuality "1"]

1. d4 d5 2. c4 e6 3. Nc3 c6 4. e3 Nf6 5. Nf3 Nbd7 6. Bd3 dxc4 7. Bxc4 b5 8. Bd3 Bd6 9. 0-0 0-0 10. Bd2 Bb7 11. Rc1 a5 12. Qe2 Re8 13. Rfd1 e5 14. Ne4 Nxe4 15. Bxe4 exd4 16. Qd3 Qf6 17. exd4 h6 18. Re1 b4 19. g3 Rac8 20. Nh4 Bf8 21. Be3 Nb6 22. Nf3 Rcd8 23. Ne5 Nd5 24. Qc2 c5 25. Qb3 Ba8 26. Bb1 Nxe3 27. fxe3 cxd4 28. exd4 Rxd4 29. Nxf7 Bd5 30. Qc2 Be4 0-1

[Event "Politiken Cup 36th"]
[Site "Helsingor"]
[Date "2014.07.23"]
[Round "4"]
[White "Schroeder, Jan Christian"]
[Black "Negi, Parimarjan"]
[Result "0-1"]
[WhiteElo "2370"]
[BlackElo "2645"]
[PlyCount "58"]
[EventDate "2014.07.21"]
[EventType "swiss"]
[EventRounds "10"]
[EventCountry "DEN"]
[SourceTitle "CBM 161 Extra"]
[Source "ChessBase"]
[SourceDate "2014.08.29"]
[SourceVersion "1"]
[SourceVersionDate "2014.08.29"]
[SourceQuality "1"]

1. e4 c5 2. Nf3 e6 3. d4 cxd4 4. Nxd4 Nc6 5. Nc3 Qc7 6. Be2 Nf6 7. 0-0 a6 8. Be3 Be7 9. f4 d6 10. Qe1 Nxd4 11. Bxd4 b5 12. a3 Bb7 13. Qg3 Nxe4 14. Qxg7 Kd7 15. Rf3 Raf8 16. Rd1 Rhg8 17. Qxh7 Rg6 18. Qh3 Rfg8 19. Bf1 Bf6 20. Bxf6 Nxf6 21. f5 Qb6+ 22. Kh1 Ng4 23. fxg6 Bxf3 24. Rd2 Rh8 25. gxf3 Rxh3 26. Bxh3 Nf2+ 27. Kg2 Nxh3 28. g7 Qg1+ 29. Kxh3 Qxg7 0-1

[Event "Politiken Cup 36th"]
[Site "Helsingor"]
[Date "2014.07.22"]
[Round "3"]
[White "Negi, Parimarjan"]
[Black "Hobber, Anders"]
[Result "1-0"]
[WhiteElo "2645"]
[BlackElo "2315"]
[PlyCount "33"]
[EventDate "2014.07.21"]
[EventType "swiss"]
[EventRounds "10"]
[EventCountry "DEN"]
[SourceTitle "CBM 161 Extra"]
[Source "ChessBase"]
[SourceDate "2014.08.29"]
[SourceVersion "1"]
[SourceVersionDate "2014.08.29"]
[SourceQuality "1"]

1. e4 e6 2. d4 d5 3. Nc3 Bb4 4. e5 c5 5. a3 Bxc3+ 6. bxc3 Ne7 7. Qg4 Kf8 8. Qd1 b6 9. Nf3 Qc7 10. a4 Ba6 11. Bxa6 Nxa6 12. 0-0 cxd4 13. cxd4 Rc8 14. Ba3 Ke8 15. c4 dxc4 16. Nd2 Nf5 17. Nxc4 1-0

[Event "IND-chT League"]
[Site "Pune"]
[Date "2014.06.12"]
[Round "2.1"]
[White "Thejkumar, MS."]
[Black "Negi, Parimarjan"]
[Result "0-1"]
[WhiteElo "2435"]
[BlackElo "2643"]
[PlyCount "107"]
[EventDate "2014.06.11"]
[EventType "team-tourn"]
[EventRounds "5"]
[EventCountry "IND"]
[SourceTitle "CBM 160 Extra"]
[Source "ChessBase"]
[SourceDate "2014.07.01"]
[SourceVersion "1"]
[SourceVersionDate "2014.07.01"]
[SourceQuality "1"]
[WhiteTeam "Pune Attackers"]
[BlackTeam "Mumbai Movers"]
[WhiteTeamCountry "IND"]
[BlackTeamCountry "IND"]

1. d4 Nf6 2. c4 e6 3. Nf3 b6 4. g3 Bb7 5. Bg2 Be7 6. 0-0 0-0 7. Nc3 Ne4 8. Bd2 f5 9. Qc2 Nxc3 10. Bxc3 Be4 11. Qd2 Bf6 12. Rfd1 d6 13. Ne1 Bxg2 14. Nxg2 Qe8 15. Qc2 Nd7 16. Re1 Qf7 17. e4 fxe4 18. Rxe4 e5 19. d5 b5 20. b3 bxc4 21. bxc4 Nc5 22. Re2 Rab8 23. f4 e4 24. Ne3 Rb6 25. Rf1 Rfb8 26. g4 Bxc3 27. Qxc3 Qf6 28. Qxf6 gxf6 29. g5 Rb2 30. Rff2 Rb1+ 31. Rf1 Rxf1+ 32. Kxf1 Nd3 33. Rd2 Rb1+ 34. Rd1 Rb2 35. Ng4 fxg5 36. Nf6+ Kg7 37. Nxe4 Nxf4 38. Nxg5 Rxh2 39. Rd4 Rh1+ 40. Kf2 Nh3+ 41. Kg2 Rg1+ 42. Kxh3 Rxg5 43. c5 dxc5 44. Ra4 Kf6 45. Rxa7 Rg7 46. Ra5 c4 47. Rc5 Ke5 48. d6+ Kxd6 49. Rxc4 c5 50. a4 Kd5 51. Rc1 c4 52. a5 Ra7 53. Ra1 Kc5 54. a6 0-1

[Event "Asia-chT 18th"]
[Site "Tabriz"]
[Date "2014.05.29"]
[Round "9.4"]
[White "Galappaththi, Chinthaka Anuruddh"]
[Black "Negi, Parimarjan"]
[Result "0-1"]
[WhiteElo "2131"]
[BlackElo "2643"]
[PlyCount "62"]
[EventDate "2014.05.22"]
[EventType "team-tourn"]
[EventRounds "9"]
[EventCountry "IRI"]
[SourceTitle "CBM 160 Extra"]
[Source "ChessBase"]
[SourceDate "2014.07.01"]
[SourceVersion "1"]
[SourceVersionDate "2014.07.01"]
[SourceQuality "1"]
[WhiteTeam "Sri Lanka"]
[BlackTeam "India"]
[WhiteTeamCountry "SRI"]
[BlackTeamCountry "IND"]

1. d4 Nf6 2. Nf3 e6 3. c4 b6 4. a3 Bb7 5. Nc3 g6 6. e3 Bg7 7. Bd3 0-0 8. 0-0 c5 9. dxc5 bxc5 10. e4 Nc6 11. Be3 d6 12. h3 Qe7 13. Qd2 Nd7 14. Rac1 Nd4 15. Bxd4 cxd4 16. Ne2 e5 17. b4 f5 18. Ng3 f4 19. Ne2 g5 20. Qa2 Kh8 21. Nd2 h5 22. f3 Rac8 23. Rc2 Bh6 24. g4 fxg3 25. Nxg3 g4 26. fxg4 Qh4 27. Nf5 Rxf5 28. Rxf5 Qg3+ 29. Kf1 Qxd3+ 30. Ke1 Qe3+ 31. Kd1 d3 0-1

[Event "Asian Continental op 13th"]
[Site "Sharjah"]
[Date "2014.04.25"]
[Round "9"]
[White "Kasimdzhanov, Rustam"]
[Black "Negi, Parimarjan"]
[Result "1/2-1/2"]
[WhiteElo "2693"]
[BlackElo "2640"]
[PlyCount "64"]
[EventDate "2014.04.17"]
[EventType "swiss"]
[EventRounds "9"]
[EventCountry "UAE"]
[SourceTitle "CBM 160"]
[Source "ChessBase"]
[SourceDate "2014.05.15"]
[SourceVersion "1"]
[SourceVersionDate "2014.05.15"]
[SourceQuality "1"]

1. d4 d5 2. c4 e6 3. Nf3 Nf6 4. Nc3 c6 5. e3 g6 6. Bd3 Bg7 7. 0-0 0-0 8. Qe2 Nbd7 9. b3 dxc4 10. bxc4 Re8 11. Qc2 e5 12. Ba3 exd4 13. exd4 Nf8 14. h3 Ne6 15. Ne2 Nh5 16. Rae1 Nhf4 17. Nxf4 Nxf4 18. Rxe8+ Qxe8 19. Re1 Be6 20. Bf1 Qd8 21. Bc1 Nh5 22. Bg5 Qa5 23. Qd2 Qxd2 24. Bxd2 h6 25. a4 Rd8 26. a5 g5 27. Be3 a6 28. Rb1 Bc8 29. Rc1 Nf6 30. Nd2 Bf8 31. Nb3 Bb4 32. g4 Ne8 1/2-1/2